书目信息 |
| 题名: |
工程地质手册
|
|
| 作者: | 常士骠 , 张苏民 主编 ;工程地质手册编委会 编 | |
| 分册: | ||
| 出版信息: | 北京 中国建筑工业出版社 2007.02 |
|
| 页数: | 33, 1099页 | |
| 开本: | 27cm | |
| 丛书名: | ||
| 单 册: | ||
| 中图分类: | P642-62 | |
| 科图分类: | ||
| 主题词: | 工程地质--gong cheng di zhi--手册 | |
| 电子资源: | ||
| ISBN: | 978-7-112-08828-7 | |
| 000 | 01033nam0 2200277 450 | |
| 001 | 012007751105 | |
| 005 | 20070921101836.23 | |
| 010 | @a978-7-112-08828-7@b精装@dCNY123.00 | |
| 100 | @a20070820d2007 km y0chiy0120 ea | |
| 101 | 0 | @achi |
| 102 | @aCN@b110000 | |
| 105 | @aak a 001yy | |
| 200 | 1 | @a工程地质手册@Agong cheng di zhi shou ce@f《工程地质手册》编委会@F《gong cheng di zhi shou ce》bian wei hui |
| 205 | @a第4版 | |
| 210 | @a北京@c中国建筑工业出版社@d2007.02 | |
| 215 | @a33, 1099页@c图@d27cm | |
| 314 | @a书中题 :常士骠, 张苏民主编。 | |
| 320 | @a有书目和索引。 | |
| 330 | @a本手册主要介绍工程地质和岩土工程的系统资料和数据。全书共9篇共65章和4个附录,地质基本知识和岩土分类、工程勘察、岩土测试、地基评价和计算等内容。 | |
| 606 | 0 | @a工程地质@Agong cheng di zhi@j手册 |
| 690 | @aP642-62@v4 | |
| 701 | 0 | @a常士骠@Achang shi biao@4主编 |
| 701 | 0 | @a张苏民@Azhang su min@4主编 |
| 712 | 02 | @a工程地质手册编委会@Agong cheng di zhi shou ce bian wei hui@4编 |
| 801 | 0 | @aCN@c20070921 |
| 905 | @dP642-62@eC290 | |
| 工程地质手册/《工程地质手册》编委会.-第4版.-北京:中国建筑工业出版社,2007.02 |
| 33, 1099页:图;27cm |
| ISBN 978-7-112-08828-7(精装):CNY123.00 |
| 本手册主要介绍工程地质和岩土工程的系统资料和数据。全书共9篇共65章和4个附录,地质基本知识和岩土分类、工程勘察、岩土测试、地基评价和计算等内容。 |
| ● |
| 相关链接 |
|
|
|
正题名:工程地质手册
索取号:P642-62/C290
 
预约/预借
| 序号 | 登录号 | 条形码 | 馆藏地/架位号 | 状态 | 备注 |
| 1 | 261023 | 202610237 | 自科库401/401自科库 133排2列2层/ [索取号:P642-62/C290] | 在馆 |